| 000 | 00962cam a2200217 4500 | ||
|---|---|---|---|
| 001 | WB3726-21 | ||
| 008 | 000000n2001 000 0 eng u | ||
| 035 | _a(Sirsi) u113391 | ||
| 245 | _aPlanning decisions | ||
| 260 | _c2001 | ||
| 490 |
_aDTLR News Release _v(302) 29 June 2001, (3) |
||
| 520 | _aPlanning minister calls for improved performance by local planning authorities following publication of figures which show the national average for dealing with applications was only 63%, below the government target of 80%. Further information and tables of statistics can be gained from http://www.press.dtlr.gov.uk/0106/0302.htm or by telephoning 020 7944 4653. | ||
| 590 | _aWB | ||
| 650 | _aLOCAL PLANNING AUTHORITIES | ||
| 650 | _aCOMMERCIAL DEVELOPMENT | ||
| 650 | _aINDUSTRIAL DEVELOPMENT | ||
| 650 | _aPLANNING SYSTEM | ||
| 650 | _aPLANNING APPLICATIONS | ||
| 690 | _aENVIRONMENTAL AND LAND CONSULTANCY-PLANNING AND DEVELOPMENT | ||
| 942 | _n0 | ||
| 999 |
_c67554 _d67554 |
||